Español 7: (Registro nro. 10062)

Detalles MARC
000 -LIDER
fixed length control field 01830nam a2200385 a 4500
001 - NÚMERO DE CONTROL
Identificador de número de control 013293
003 - IDENTIFICACDOR DE NÚMERO DE CONTROL
control field DO-SdBNP
005 - DATE AND TIME OF LATEST TRANSACTION
control field 20180309124446.0
006 - DATOS DE LONGITUD FIJA / CARACTERÍSTICAS ADICIONALES MATERIAL CHARACTERISTICS
fixed length control field 013293
008 - ELEMENTOS DE LONGITUD FIJA
fixed length control field 091123s2008 dr a 000 0 spa d
020 ## - ISBN
International Standard Book Number 9789945111903
040 ## - FUENTE DE CATALOGACIÓN
Agencia que crea de manera original el registro BPMSU
Idioma de catalogación spa
Agencia que realiza la transcripción BPMSU
049 ## - LOCAL HOLDINGS (OCLC)
Holding library
082 ## - NÚMERO DE CLASIFICACIÓN DECIMAL DE DEWEY
Classification number 372.6561
Item number G216e 7mo. 2008
100 1# - ASIENTO PRINCIPAL -- NOMBRE PERSONAL
Nombre personal García Cartagena, Manuel
245 10 - MENCIÓN DE TITULO
Título Español 7:
Subtítulo básica /
Mención de responsabilidad Manuel García Cartagena ; dirección editorial Obdulia García de Escobar ; ilustraciones Ruddy Núñez.
246 13 - VARIACION DEL TÍTULO
Título propiamente dicho o título corto Español 7: guía básica
260 ## - PUBLICACIÓN, DISTRIBUCIÓN, ETC. (PIE DE IMPRENTA)
Lugar de publicación, distribución, etc Santo Domingo :
Nombre del editor, distribuidor, etc. Santillana,
Fecha de publicación, distribución, etc 2008.
300 ## - DESCRIPCIÓN FÍSICA
Extensión 3v. :
Otros detalles físicos il. ;
Dimensiones 29 cm.
490 1# - MENCIÓN DE SERIES
Mención de serie Coral
500 ## - NOTA GENERAL
Nota general La biblioteca posee la Guía
505 ## - NOTA DE CONTENIDO
Título Ser sabios es saber ser buenos amigos y amigas --
-- El mundo es tan natural como tú --
-- En el arte, tu mundo coincide con el de los demás --
-- Amigos para siempre --
-- Todos y todas acturamos en el gran teatro de la vida --
-- Toda la información en el gran teatro de la vida --
-- Toda la información a alcance de tu mano --
-- Vivir para razonar, razonar para vivir en paz --
-- Vence al corazón : convence con razón --
-- Recetas para aprender; aprender para vivir --
-- Aprende a Vivir la aventura de la libertad --
-- Esa otra manera de ser que es la escritura.
650 #4 - ENCABEZAMIENTO DE MATERIA--TEMÁTICO
Término temático o nombre geográfico como elemento de entrada ESPAÑOL
Subdivisión temática general ENSEÑANZA BÁSICA
650 #4 - ENCABEZAMIENTO DE MATERIA--TEMÁTICO
Término temático o nombre geográfico como elemento de entrada ESPAÑOL
Subdivisión temática general EDUCACIÓN PRIMARIA
650 #4 - ENCABEZAMIENTO DE MATERIA--TEMÁTICO
Término temático o nombre geográfico como elemento de entrada ESPAÑOL
Subdivisión temática general LIBROS DE TEXTOS
650 #4 - ENCABEZAMIENTO DE MATERIA--TEMÁTICO
Término temático o nombre geográfico como elemento de entrada ESPAÑOL
Subdivisión temática general ESTUDIOS Y EJERCICIOS
650 #4 - ENCABEZAMIENTO DE MATERIA--TEMÁTICO
Término temático o nombre geográfico como elemento de entrada EDUCACIÓN PRIMARIA
Subdivisión geográfica REPÚBLICA DOMINICANA
700 1# - ASIENTO SECUNDARIO -- NOMBRE PERSONAL
Nombre personal García Escobar, Obdulia de,
Mención de responsabilidad ed.
700 1# - ASIENTO SECUNDARIO -- NOMBRE PERSONAL
Nombre personal Núñez, Ruddy,
Mención de responsabilidad il.
830 #0 - ASIENTO SECUNDARIO DE SERIE--TÍTULO UNIFORME
Título uniforme Coral
910 ## - VALIDACIÓN
Validación Validado. Control de calidad MFF
942 ## - ADDED ENTRY ELEMENTS (KOHA)
Source of classification or shelving scheme Dewey Decimal Classification
Koha item type Libros
945 ## - INFORMACIÓN DE PROCESAMIENTO LOCAL
Información de procesamiento local Remanejado para la BNPHU / 2018 VM
956 ## - LOCAL ELECTRONIC LOCATION AND ACCESS (OCLC)
Nombre de host VMATEO
Número de acceso 10
Información de compresión 20160510
Inicio de sesión BPMSU
Procesador de solicitud 0069
Existencias
Withdrawn status Lost status Source of classification or shelving scheme Damaged status Not for loan Collection code Home library Current library Date acquired Source of acquisition Total Checkouts Full call number Barcode Date last seen Price effective from Koha item type
    Dewey Decimal Classification     Colección Escolar Biblioteca Pública Metropolitana Salomé Ureña Biblioteca Pública Metropolitana Salomé Ureña 05/10/2016 Deposito Legal   372.6561 G216e 7mo. 2008 v.2 Guía BPMSU17020019 05/10/2016 05/10/2016 Libros